Sports Quiz

Random Sports or Basketball Quiz

NBA Top 5 Assisters By 5-Year Period Quiz Stats

 Plays Quiz not verified by Sporcle

Challenge
Share
Tweet
Embed
Score 0/300 Timer 15:00
11 Plays Today
Period Answer % Correct
2010-15Chris Paul
99%
2009-14Chris Paul
99%
2008-13Chris Paul
99%
2007-12Chris Paul
99%
2006-11Chris Paul
99%
2005-10Chris Paul
99%
2004-09Chris Paul
99%
2012-17Chris Paul
98.8%
2011-16Chris Paul
98.8%
2012-17Russell Westbrook
98.8%
2011-16Russell Westbrook
98.8%
2013-18Russell Westbrook
98.7%
2013-18LeBron James
98.5%
2012-17John Wall
98.4%
2011-16John Wall
98.4%
2009-14Steve Nash
98.3%
2012-17Steph Curry
98.3%
2011-16Steph Curry
98.3%
2008-13Steve Nash
98.3%
2007-12Steve Nash
98.3%
2006-11Steve Nash
98.3%
2005-10Steve Nash
98.3%
2004-09Steve Nash
98.3%
2003-08Steve Nash
98.3%
2002-07Steve Nash
98.3%
2001-06Steve Nash
98.3%
2000-05Steve Nash
98.3%
2013-18Chris Paul
98.2%
2012-17James Harden
98%
2013-18John Wall
98%
1969-74Jerry West
97.8%
1968-73Jerry West
97.8%
1967-72Jerry West
97.8%
1966-71Jerry West
97.8%
1965-70Jerry West
97.8%
1964-69Jerry West
97.8%
1963-68Jerry West
97.8%
1962-67Jerry West
97.8%
1961-66Jerry West
97.8%
1960-65Jerry West
97.8%
2013-18James Harden
97.7%
2010-15John Wall
97.6%
2010-15Rajon Rondo
97.2%
2009-14Rajon Rondo
97.2%
2008-13Rajon Rondo
97.2%
2007-12Rajon Rondo
97.2%
2006-11Rajon Rondo
97.2%
2007-12Jason Kidd
97.1%
2006-11Jason Kidd
97.1%
2005-10Jason Kidd
97.1%
2004-09Jason Kidd
97.1%
2003-08Jason Kidd
97.1%
2002-07Jason Kidd
97.1%
2001-06Jason Kidd
97.1%
2000-05Jason Kidd
97.1%
1999-2004Jason Kidd
97.1%
1998-2003Jason Kidd
97.1%
1997-2002Jason Kidd
97.1%
1996-2001Jason Kidd
97.1%
1995-2000Jason Kidd
97.1%
1994-99Jason Kidd
97.1%
2011-16Rajon Rondo
97%
2008-13Russell Westbrook
95.8%
1998-2003John Stockton
94.7%
1997-2002John Stockton
94.7%
1996-2001John Stockton
94.7%
1995-2000John Stockton
94.7%
1994-99John Stockton
94.7%
1993-98John Stockton
94.7%
1992-97John Stockton
94.7%
1991-96John Stockton
94.7%
1990-95John Stockton
94.7%
1989-94John Stockton
94.7%
1988-93John Stockton
94.7%
1987-92John Stockton
94.7%
1986-91John Stockton
94.7%
1985-90John Stockton
94.7%
1984-89John Stockton
94.7%
2010-15Deron Williams
93.6%
2009-14Deron Williams
93.6%
2008-13Deron Williams
93.6%
2007-12Deron Williams
93.6%
2006-11Deron Williams
93.6%
2005-10Deron Williams
93.6%
2009-14LeBron James
92.9%
2003-08LeBron James
92.8%
1987-92Magic Johnson
91.2%
1986-91Magic Johnson
91.2%
1985-90Magic Johnson
91.2%
1984-89Magic Johnson
91.2%
1983-88Magic Johnson
91.2%
1982-87Magic Johnson
91.2%
1981-86Magic Johnson
91.2%
1980-85Magic Johnson
91.2%
1979-84Magic Johnson
91.2%
1990-95Kevin Johnson
91%
1989-94Kevin Johnson
91%
1988-93Kevin Johnson
91%
1987-92Kevin Johnson
91%
1986-91Kevin Johnson
91%
Period Answer % Correct
1994-99Avery Johnson
91%
1993-98Avery Johnson
91%
2004-09Chauncey Billups
87.6%
2003-08Chauncey Billups
87.6%
2002-07Chauncey Billups
87.6%
1988-93Isiah Thomas
87.2%
1986-91Isiah Thomas
87.2%
1985-90Isiah Thomas
87.2%
1984-89Isiah Thomas
87.2%
1983-88Isiah Thomas
87.2%
1982-87Isiah Thomas
87.2%
1981-86Isiah Thomas
87.2%
1980-85Isiah Thomas
87.2%
2001-06Gary Payton
87.1%
2000-05Gary Payton
87.1%
1999-2004Gary Payton
87.1%
1998-2003Gary Payton
87.1%
1997-2002Gary Payton
87.1%
1996-2001Gary Payton
87.1%
1995-2000Gary Payton
87.1%
1969-74Oscar Robertson
77.6%
1968-73Oscar Robertson
77.6%
1967-72Oscar Robertson
77.6%
1966-71Oscar Robertson
77.6%
1965-70Oscar Robertson
77.6%
1964-69Oscar Robertson
77.6%
1963-68Oscar Robertson
77.6%
1962-67Oscar Robertson
77.6%
1961-66Oscar Robertson
77.6%
1960-65Oscar Robertson
77.6%
1959-64Oscar Robertson
77.6%
1958-63Oscar Robertson
77.6%
1997-2002Mark Jackson
74.2%
1996-2001Mark Jackson
74.2%
1995-2000Mark Jackson
74.2%
1994-99Mark Jackson
74.2%
1993-98Mark Jackson
74.2%
1992-97Mark Jackson
74.2%
1991-96Mark Jackson
74.2%
1990-95Mark Jackson
74.2%
1989-94Mark Jackson
74.2%
1988-93Mark Jackson
74.2%
1959-64Bob Cousy
74%
1958-63Bob Cousy
74%
1957-62Bob Cousy
74%
1956-61Bob Cousy
74%
1955-60Bob Cousy
74%
1954-59Bob Cousy
74%
2005-10Andre Miller
73.5%
2004-09Andre Miller
73.5%
2003-08Andre Miller
73.5%
2002-07Andre Miller
73.5%
2001-06Andre Miller
73.5%
2000-05Andre Miller
73.5%
1999-2004Andre Miller
73.5%
2002-07Stephon Marbury
62.3%
2001-06Stephon Marbury
62.3%
2000-05Stephon Marbury
62.3%
1999-2004Stephon Marbury
62.3%
1998-2003Stephon Marbury
62.3%
1997-2002Stephon Marbury
62.3%
2010-15Ty Lawson
59.3%
1989-94Tim Hardaway
58.5%
1991-96Muggsy Bogues
58.1%
1990-95Muggsy Bogues
58.1%
1989-94Muggsy Bogues
58.1%
1988-93Muggsy Bogues
58.1%
1987-92Muggsy Bogues
58.1%
1987-92Terry Porter
55.9%
1986-91Terry Porter
55.9%
1985-90Terry Porter
55.9%
1977-82Kevin Porter
55.8%
1976-81Kevin Porter
55.8%
1975-80Kevin Porter
55.8%
1974-79Kevin Porter
55.8%
1973-78Kevin Porter
55.8%
1971-76Walt Frazier
55%
1968-73Walt Frazier
55%
1967-72Walt Frazier
55%
1962-67K.C. Jones
52.6%
1961-66K.C. Jones
52.6%
1960-65K.C. Jones
52.6%
1978-83Nate Archibald
52.6%
1972-77Nate Archibald
52.6%
1971-76Nate Archibald
52.6%
1970-75Nate Archibald
52.6%
1983-88Maurice Cheeks
51.1%
1982-87Maurice Cheeks
51.1%
1979-84Maurice Cheeks
51.1%
1978-83Maurice Cheeks
51.1%
1975-80Rick Barry
49.8%
1974-79Rick Barry
49.8%
1973-78Rick Barry
49.8%
1972-77Rick Barry
49.8%
1975-80Randy Smith
47.5%
1974-79Randy Smith
47.5%
1973-78Randy Smith
47.5%
1964-69Wilt Chamberlain
47.4%
1963-68Wilt Chamberlain
47.4%
1971-76John Havlicek
46.6%
Period Answer % Correct
1970-75John Havlicek
46.6%
1969-74John Havlicek
46.6%
1968-73John Havlicek
46.6%
1967-72John Havlicek
46.6%
1966-71John Havlicek
46.6%
1999-2004Sam Cassell
39.7%
1998-2003Sam Cassell
39.7%
1995-2000Rod Strickland
38.9%
1994-99Rod Strickland
38.9%
1993-98Rod Strickland
38.9%
1992-97Rod Strickland
38.9%
1991-96Rod Strickland
38.9%
1992-97Mookie Blaylock
36.3%
1991-96Mookie Blaylock
36.3%
1990-95Mookie Blaylock
36.3%
1970-75Lenny Wilkens
35%
1969-74Lenny Wilkens
35%
1968-73Lenny Wilkens
35%
1967-72Lenny Wilkens
35%
1966-71Lenny Wilkens
35%
1965-70Lenny Wilkens
35%
1964-69Lenny Wilkens
35%
1963-68Lenny Wilkens
35%
1962-67Lenny Wilkens
35%
1972-77Dave Bing
35%
1971-76Dave Bing
35%
1970-75Dave Bing
35%
1993-98Kenny Anderson
33.5%
1992-97Kenny Anderson
33.5%
1972-77Jo Jo White
32%
1981-86Norm Nixon
31.7%
1980-85Norm Nixon
31.7%
1979-84Norm Nixon
31.7%
1978-83Norm Nixon
31.7%
1977-82Norm Nixon
31.7%
1976-81Norm Nixon
31.7%
1984-89Fat Lever
28.5%
1983-88Fat Lever
28.5%
1982-87Rickey Green
24.6%
1981-86Rickey Green
24.6%
1980-85Rickey Green
24.6%
1979-84Michael Ray Richardson
22.4%
1978-83Michael Ray Richardson
22.4%
1977-82Michael Ray Richardson
22.4%
1996-2001Nick Van Exel
21.5%
1977-82John Lucas
20.3%
1976-81John Lucas
20.3%
1975-80John Lucas
20.3%
1983-88Reggie Theus
19.3%
1982-87Reggie Theus
19.3%
1976-81Armond Hill
18.5%
1975-80Paul Westphal
17.6%
1985-90Sleepy Floyd
16.4%
1984-89Sleepy Floyd
16.4%
1974-79Norm Van Lier
16.4%
1973-78Norm Van Lier
16.4%
1972-77Norm Van Lier
16.4%
1971-76Norm Van Lier
16.4%
1970-75Norm Van Lier
16.4%
1969-74Norm Van Lier
16.4%
1961-66Richie Guerin
15.2%
1960-65Richie Guerin
15.2%
1959-64Richie Guerin
15.2%
1958-63Richie Guerin
15.2%
1957-62Richie Guerin
15.2%
1956-61Richie Guerin
15.2%
1955-60Slater Martin
13.5%
1954-59Slater Martin
13.5%
1965-70Guy Rodgers
13.3%
1964-69Guy Rodgers
13.3%
1963-68Guy Rodgers
13.3%
1962-67Guy Rodgers
13.3%
1961-66Guy Rodgers
13.3%
1960-65Guy Rodgers
13.3%
1959-64Guy Rodgers
13.3%
1958-63Guy Rodgers
13.3%
1957-62Guy Rodgers
13.3%
1981-86Johnny Moore
11.5%
1980-85Johnny Moore
11.5%
1979-84Johnny Moore
11.5%
1978-83Phil Ford
9.7%
1977-82Phil Ford
9.7%
1974-79Slick Watts
7.7%
1973-78Slick Watts
7.7%
1956-61Dick McGuire
5.3%
1955-60Dick McGuire
5.3%
1954-59Dick McGuire
5.3%
1957-62Gene Shue
4.9%
1956-61Tom Gola
4.3%
1955-60Carl Braun
3.8%
1954-59Carl Braun
3.8%
1959-64Larry Costello
3.4%
1958-63Larry Costello
3.4%
1957-62Larry Costello
3.4%
1956-61Larry Costello
3.4%
1955-60Jack George
3%
1954-59Jack George
3%
1966-71Walt Hazzard
2.8%
1965-70Walt Hazzard
2.8%
1976-81Quinn Buckner
2.6%

You're not logged in!

Compare scores with friends on all Sporcle quizzes.
Join for Free
OR
Log In

You Might Also Like...

Show Comments

Extras

Top Quizzes Today


Score Distribution

Your Account Isn't Verified!

In order to create a playlist on Sporcle, you need to verify the email address you used during registration. Go to your Sporcle Settings to finish the process.

Report this User

Report this user for behavior that violates our Community Guidelines.

Details: